000 00674cam a22002171 4500
001 ne 66001487
003 DLC
005 20260227111825.0
008 840116s1965 ua 000 0 arar
010 _ane 66001487
035 _a(OCoLC)10304972
040 _aDLC
_cTxU
_dTxU
_dOCoLC
_dDLC
042 _apremarc
050 0 0 _aHC59.7
_b.L78
100 1 _aLuṭfī, ʻAlī.
245 1 0 _aMuʼashshirāt al-takhalluf al-iqtiṣādī,
_bdirāsah taḥlīlīyah
_c[taʼlīf] ʻAlī Luṭfī.
260 _a[al-Qāhirah]
_bMaṭbaʻat Lajnat al-Bayān al-ʻArabī,
_c1965.
300 _a79 p.
_c24 cm.
504 _aBibliography: p. [76]-[77]
651 0 _aDeveloping countries.
999 _c49074
_d49074